AH International Schools' Libraries

The principles and practice of educational management / (Record no. 49638)

MARC details
000 -LEADER
fixed length control field 00668 am a2200205ua 4500
001 - CONTROL NUMBER
control field 011360799
005 - DATE AND TIME OF LATEST TRANSACTION
control field 20260209130307.0
010 ## - LIBRARY OF CONGRESS CONTROL NUMBER
LC control number 2002104048
020 ## - INTERNATIONAL STANDARD BOOK NUMBER
International Standard Book Number 0761947922 (pbk.) :
245 04 - TITLE STATEMENT
Title The principles and practice of educational management /
Statement of responsibility, etc edited by Tony Bush and Les Bell.
260 ## - PUBLICATION, DISTRIBUTION, ETC. (IMPRINT)
Place of publication, distribution, etc London :
Name of publisher, distributor, etc Paul Chapman,
Date of publication, distribution, etc 2002.
300 ## - PHYSICAL DESCRIPTION
Extent xx, 332 p. ;
Dimensions 25 cm.
490 1# - SERIES STATEMENT
Series statement Educational management
504 ## - BIBLIOGRAPHY, ETC. NOTE
Bibliography, etc Includes bibliographical references and index.
650 #0 - SUBJECT ADDED ENTRY--TOPICAL TERM
Topical term or geographic name as entry element School management and organization.
9 (RLIN) 86684
650 #0 - SUBJECT ADDED ENTRY--TOPICAL TERM
Topical term or geographic name as entry element Educational leadership.
9 (RLIN) 86683
700 1# - ADDED ENTRY--PERSONAL NAME
Personal name Bush, Tony,
Dates associated with a name 1943-
9 (RLIN) 86753
700 1# - ADDED ENTRY--PERSONAL NAME
Personal name Bell, Les.
9 (RLIN) 86754
942 ## - ADDED ENTRY ELEMENTS (KOHA)
Source of classification or shelving scheme
Koha item type Teacher's Resources
Holdings
Withdrawn status Lost status Source of classification or shelving scheme Damaged status Not for loan Collection code Home library Current library Shelving location Date acquired Full call number Barcode Date last seen Price effective from Koha item type
          TEACHERS' RESOURCES Asian Hope Secondary Library Asian Hope Secondary Library SECONDARY 10/09/2025 371.2 BUS 208284 01/16/2026 10/09/2025 Teacher's Resources

For any Logos Library related questions please contact Miss Art at swongnarasuk@asianhope.org.

For any Asian Hope Library related questions please contact Miss Raza at graza@asianhope.org.

Powered by Koha